UBT Library

Applying the Occupational therapy practice framework : (Record no. 42965)

000 -LEADER
fixed length control field 00949cam a22002655a 4500
001 - CONTROL NUMBER
control field 14220027
005 - DATE AND TIME OF LATEST TRANSACTION
control field 20180220094305.0
008 - FIXED-LENGTH DATA ELEMENTS--GENERAL INFORMATION
fixed length control field 060105s2006 mdu bf 001 0 eng
010 ## - LIBRARY OF CONGRESS CONTROL NUMBER
LC control number 2006920220
020 ## - INTERNATIONAL STANDARD BOOK NUMBER
International Standard Book Number 9781569002162 (pbk.)
020 ## - INTERNATIONAL STANDARD BOOK NUMBER
International Standard Book Number 1569002169 (pbk.)
040 ## - CATALOGING SOURCE
Original cataloging agency DLC
Transcribing agency DLC
041 ## - LANGUAGE CODE
Language code of text/sound track or separate title eng
043 ## - GEOGRAPHIC AREA CODE
Geographic area code n-us-ky
080 ## - UNIVERSAL DECIMAL CLASSIFICATION NUMBER
Universal Decimal Classification number 615.8515 CAM
082 00 - DEWEY DECIMAL CLASSIFICATION NUMBER
Classification number 615.8515 CAM
Edition number 22
100 ## - Rafti
Rafti 4
101 ## - Shkurtesa
Shkurtesa SHM
245 00 - TITLE STATEMENT
Title Applying the Occupational therapy practice framework :
Statement of responsibility, etc Camille Skubik-Peplaski ... [et al.].
246 3# - VARYING FORM OF TITLE
Title proper/short title Occupational therapy practice framework
504 ## - BIBLIOGRAPHY, ETC. NOTE
Bibliography, etc Includes bibliographical references and index.
906 ## - LOCAL DATA ELEMENT F, LDF (RLIN)
a 7
b cbc
c orignew
d 2
e epcn
f 20
g y-gencatlg
942 ## - ADDED ENTRY ELEMENTS (KOHA)
Source of classification or shelving scheme
Item type Books
Holdings
Withdrawn status Lost status Source of classification or shelving scheme Damaged status Not for loan Collection code Permanent location Current location Shelving location Date acquired Total Checkouts Full call number Barcode Date last seen Price effective from Koha item type
          Koleksioni i përgjithshem UBT - Lipjan UBT - Lipjan Koleksioni i përgjithshem 02/20/2018   615.8515 CAM 002-2998271 02/20/2018 02/20/2018 Books
UBT Library © 2015-2024. All rights reserved University Education for Business and Technology